000 00275nam a2200133Ia 4500
100 _aRothery/ Brian
942 _cBK
654 _aISO 9000
245 _aISO 9000
260 _bProductivity & Quality Pub
_aMadras
_c1993
300 _a248
546 _aENGLISH
999 _c31010
_d31010